000
00264nam a2200109Ia 4500
008
220204s9999 xx 000 0 und d
082
_a
82-3
_b
KAT
100
_a
Katz, Joseph
245
4
_a
The Portable Stephen Crane
260
_a
England
_b
Penguin
_c
1979
942
_c
BK
999
_c
33064
_d
33064